000 00272nam a2200121 a 4500
008 101022s1978|||| d
245 1 0 _aRozpamätávanie
100 1 _aLenčo, Ján
044 _axo
_cSK
041 _aslo
020 _c29
260 _bSmena
_aBratislava
_c1978
999 _c12089
_d12089